"Und dann fragt man halt mal beim Sozialarbeiter": zur Arbeit des Sozialdienstes im Vollzug
| Main Author: | |
|---|---|
| Format: | Print Article |
| Language: | German |
| Published: |
1996
|
| In: |
Zeitschrift für Strafvollzug und Straffälligenhilfe
Year: 1996, Volume: 45, Issue: 2, Pages: 91-96 |
| Availability in Albert-Krebs Library: | Z.01 24.1975 - 55.2006 |
| Check availability: | HBZ Gateway |
| Keywords: |
MARC
| LEADER | 00000caa a22000002c 4500 | ||
|---|---|---|---|
| 001 | 1639360379 | ||
| 003 | DE-627 | ||
| 005 | 20260503190358.0 | ||
| 007 | tu | ||
| 008 | 160223s1996 xx ||||| 00| ||ger c | ||
| 035 | |a (DE-627)1639360379 | ||
| 035 | |a (DE-576)455845611 | ||
| 035 | |a (DE-599)BSZ455845611 | ||
| 040 | |a DE-627 |b ger |c DE-627 |e rakwb | ||
| 041 | |a ger | ||
| 084 | |a 2,1 |2 ssgn | ||
| 100 | 1 | |a Berner, Hermann |4 aut | |
| 245 | 1 | 0 | |a "Und dann fragt man halt mal beim Sozialarbeiter" |b zur Arbeit des Sozialdienstes im Vollzug |c Hermann Berner |
| 264 | 1 | |c 1996 | |
| 336 | |a Text |b txt |2 rdacontent | ||
| 337 | |a ohne Hilfsmittel zu benutzen |b n |2 rdamedia | ||
| 338 | |a Band |b nc |2 rdacarrier | ||
| 650 | 0 | 7 | |0 (DE-588)4057808-2 |0 (DE-627)106149415 |0 (DE-576)20912377X |a Strafvollzug |2 gnd |
| 650 | 0 | 7 | |0 (DE-588)4055676-1 |0 (DE-627)106157159 |0 (DE-576)209114959 |a Sozialarbeit |2 gnd |
| 650 | 0 | 7 | |0 (DE-588)4077559-8 |0 (DE-627)104629363 |0 (DE-576)209205644 |a Sozialdienst |2 gnd |
| 650 | 0 | 7 | |0 (DE-588)4057788-0 |0 (DE-627)104540796 |0 (DE-576)209123710 |a Strafgefangener |2 gnd |
| 650 | 0 | 7 | |0 (DE-588)4132339-7 |0 (DE-627)105688487 |0 (DE-576)209634723 |a Beurteilung |2 gnd |
| 650 | 4 | |a Strafvollzug |x Sozialarbeit |7 (dpeaa)DE-2619 | |
| 650 | 4 | |a Strafvollzug |x Einschätzung |x Strafgefangener |7 (dpeaa)DE-2619 | |
| 650 | 4 | |a Strafvollzug |x Sozialarbeit |x Einschätzung |x Strafgefangener |7 (dpeaa)DE-2619 | |
| 650 | 4 | |a Soziale Dienste |7 (dpeaa)DE-2619 | |
| 650 | 4 | |a Proband |7 (dpeaa)DE-2619 | |
| 650 | 4 | |a Einschätzung |7 (dpeaa)DE-2619 | |
| 773 | 0 | 8 | |i Enthalten in |t Zeitschrift für Strafvollzug und Straffälligenhilfe |d Wiesbaden : Ges. für Fortbildung der Strafvollzugsbediensteten, 1975 |g 45(1996), 2, Seite 91-96 |w (DE-627)130166723 |w (DE-600)519517-2 |w (DE-576)015709817 |x 0342-3514 |7 nnas |
| 773 | 1 | 8 | |g volume:45 |g year:1996 |g number:2 |g pages:91-96 |
| 889 | |w (DE-627)1818619784 | ||
| 935 | |a mkri | ||
| 951 | |a AR | ||
| AKB | |a 24.1975 - 55.2006 |b Z.01 | ||
| ELC | |b 1 | ||
| LOK | |0 000 xxxxxcx a22 zn 4500 | ||
| LOK | |0 001 3299876813 | ||
| LOK | |0 003 DE-627 | ||
| LOK | |0 004 1639360379 | ||
| LOK | |0 005 20250605091416 | ||
| LOK | |0 008 160208||||||||||||||||ger||||||| | ||
| LOK | |0 040 |a DE-21-110 |c DE-627 |d DE-21-110 | ||
| LOK | |0 852 |a DE-21-110 | ||
| LOK | |0 852 1 |m p |9 00 | ||
| LOK | |0 935 |a k110 | ||
| LOK | |0 938 |k p | ||
| LOK | |0 939 |a 2016-02-08 |b l01 | ||
| LOK | |0 000 xxxxxcx a22 zn 4500 | ||
| LOK | |0 001 4196280145 | ||
| LOK | |0 003 DE-627 | ||
| LOK | |0 004 1639360379 | ||
| LOK | |0 005 20221021204325 | ||
| LOK | |0 008 221011||||||||||||||||ger||||||| | ||
| LOK | |0 035 |a (DE-2619)p04478 | ||
| LOK | |0 040 |a DE-2619 |c DE-627 |d DE-2619 | ||
| LOK | |0 092 |o n | ||
| LOK | |0 852 |a DE-2619 | ||
| LOK | |0 852 1 |m p |9 00 | ||
| LOK | |0 935 |a kreb | ||
| LOK | |0 938 |k p | ||
| LOK | |0 939 |a 2022-10-11 |b l01 | ||
| ORI | |a WA-MARC-krimdoka001.raw | ||
